"When is a foot not a foot?" / (Record no. 104344)
[ view plain ]
| 000 -LEADER | |
|---|---|
| fixed length control field | 00507nam a2200169 a 4500 |
| 005 - DATE AND TIME OF LATEST TRANSACTION | |
| control field | 20140412111319.0 |
| 008 - FIXED-LENGTH DATA ELEMENTS--GENERAL INFORMATION | |
| fixed length control field | 000823s19uu xx 00 eng d |
| 050 ## - LIBRARY OF CONGRESS CALL NUMBER | |
| Classification number | ER |
| Item number | Wh55 1972 |
| 100 ## - MAIN ENTRY--PERSONAL NAME | |
| Personal name | Staudacher, Carol |
| 245 ## - TITLE STATEMENT | |
| Title | "When is a foot not a foot?" / |
| Statement of responsibility, etc | by Carol Staudacher ; Art by Al Nielson. |
| 260 ## - PUBLICATION, DISTRIBUTION, ETC. (IMPRINT) | |
| Place of publication, distribution, etc | Palo Alto, CA : |
| Name of publisher, distributor, etc | Behavioral Research Laboratories, |
| Date of publication, distribution, etc | 1972. |
| 300 ## - PHYSICAL DESCRIPTION | |
| Extent | 46 p. |
| 440 ## - SERIES STATEMENT/ADDED ENTRY--TITLE | |
| Title | Sullivan Topic Series - Level 2 |
| 650 ## - SUBJECT ADDED ENTRY--TOPICAL TERM | |
| Topical term or geographic name as entry element | Measurement |
| 650 ## - SUBJECT ADDED ENTRY--TOPICAL TERM | |
| Topical term or geographic name as entry element | Math |
| Withdrawn status | Lost status | Damaged status | Home library | Current library | Shelving location | Date acquired | Source of acquisition | Total Checkouts | Full call number | Barcode | Date last seen | Price effective from | Koha item type |
|---|---|---|---|---|---|---|---|---|---|---|---|---|---|
| Elizalde Library | Elizalde Library | Easy Reading Section | 08/23/2000 | ER Wh55 1972 | E7382 | 04/12/2014 | 04/12/2014 | Books |